000 00750naa a22002297u 4500
001 20974
003 HDC
007 cr bn ---aaaaa
008 210306t xx 000 0 eng
040 _aHDC
245 4 _aTHE HALAL JOURNAL AWARDS 2007
260 _a[No place] :
_b[publisher not identified],
_c[no year]
336 _atext
_2rdacontent
337 _acomputer
_2rdamedia
338 _aonline resource
_2rdacarrier
650 _aHalal food industry
_vExhibitions
_918567
650 _aHalal food
_950
856 _zRequest full-text at [email protected]
942 _2lcc
942 _cEIJ
942 _kEMAG 000947
999 _c18290
_d18290